000 01406cam a2200145 4500500
005 20260329082225.0
041 _afre
042 _adc
100 1 0 _aRaynauld, Isabelle
_eauthor
700 1 0 _aRaynaud, Isabelle
_eauthor
245 0 0 _aLire et écrire un scénario : Fiction, documentaire et nouveaux médias
260 _bArmand Colin,
_c2019.
520 _aQu’est-ce qu’un « bon » scénario ? Comment savoir si son ultime version est prête à tourner ? Comment aider un scénariste à écrire ? Qu’attendons-nous d’un scénario, qu’espère-t-on y trouver ? Qu’ont en commun ceux qui ont donné des films forts et mémorables ? Ce livre apporte des réponses précises à toutes ces questions. Illustré de nombreux exemples de scénarios puisés dans l’histoire du cinéma et de la télévision, il nous invite à découvrir les multiples manières d’écrire, de lire et d’imaginer un scénario. Et comme nos manières de lire un scénario importent autant, sinon plus que son écriture, la rédaction et la lecture sont traitées ici comme un couple inséparable. Cette deuxième édition enrichie propose deux nouveaux chapitres consacrés à l’écriture documentaire et à la scénarisation élargie d’œuvres destinées aux nouveaux médias.
856 4 1 _uhttps://shs.cairn.info/lire-et-ecrire-un-scenario--9782200617707?lang=fr&redirect-ssocas=7080
999 _c2027458
_d2027458